书目信息 |
| 题名: |
敦煌莫高窟
|
|
| 作者: | 高用华 编著 | |
| 分册: | ||
| 出版信息: | 长春 吉林文史出版社 2018重印 |
|
| 页数: | 120页 | |
| 开本: | 23cm | |
| 丛书名: | 中国文化知识读本 | |
| 单 册: | ||
| 中图分类: | K879.214 | |
| 科图分类: | ||
| 主题词: | 敦煌石窟--dun huang shi ku--简介 | |
| 电子资源: | ||
| ISBN: | 978-7-5463-1992-6 | |
| 000 | 00933nam 2200277 45 | |
| 001 | 012001009646 | |
| 005 | 20140103094350.0 | |
| 010 | @a978-7-5463-1992-6@dCNY34.80 | |
| 035 | @a(SG02)012007237312 | |
| 099 | @aCAL 012010220784 | |
| 100 | @a20100721d2010 em y0chiy0110 ea | |
| 101 | 0 | @achi |
| 102 | @aCN@b220000 | |
| 105 | @aa z 000yy | |
| 106 | @ar | |
| 200 | 1 | @a敦煌莫高窟@Adun huang mo gao ku@f编著高用华 |
| 210 | @a长春@c吉林文史出版社@d2018重印 | |
| 215 | @a120页@c图@d23cm | |
| 225 | 2 | @a中国文化知识读本@Azhong guo wen hua zhi shi du ben |
| 330 | @a本书内容包括:莫高窟的艺术特色、敦煌莫高窟的故事与传说、惨痛的掠夺史、保护人类共同的遗产。 | |
| 410 | 0 | @12001@a中国文化知识读本 |
| 606 | 0 | @a敦煌石窟@Adun huang shi ku@x简介 |
| 690 | @aK879.214@v4 | |
| 701 | 0 | @a高用华@AGao Yonghua@4编著@3CAL n2014001653#@7jt0yjt0y@7ec0yec0y |
| 801 | 2 | @aCN@b上海新华@c20191020 |
| 905 | @b1188973-6@dK879.214@e436@f4 | |
| 敦煌莫高窟/编著高用华.-长春:吉林文史出版社,2018重印 |
| 120页:图;23cm.-(中国文化知识读本) |
| ISBN 978-7-5463-1992-6:CNY34.80 |
| 本书内容包括:莫高窟的艺术特色、敦煌莫高窟的故事与传说、惨痛的掠夺史、保护人类共同的遗产。 |
| ● |
| 相关链接 |
|
|
|
|
正题名:敦煌莫高窟
索取号:K879.214/436
 
预约/预借
| 序号 | 登录号 | 条形码 | 馆藏地/架位号 | 状态 | 备注 |
| 1 | 1188973 | 211889731 | 第二样本阅览室/ [索取号:K879.214/436] | 在馆 | |
| 2 | 1188974 | 211889740 | 第二借阅区/ [索取号:K879.214/436] | 在馆 | |
| 3 | 1188975 | 211889759 | 第二借阅区/ [索取号:K879.214/436] | 在馆 | |
| 4 | 1188976 | 211889768 | 第二借阅区/ [索取号:K879.214/436] | 在馆 |